000 00996nam a2200265Ia 4500
003 OSt
005 20221005112901.0
006 a|||||r|||| 00| 0
007 ta
008 221004b |||||||| |||| 00| 0 pan d
020 _a9788193253670 (hbk)
_cINR 350.00
024 _a35728
037 _b1005, 13/11/2017, H.K. Prakashan
_cTextual
040 _aCRL
_cCRL
_bpan
041 _2pan
_apan
082 _aO153,3NBIL,GN, Q7
100 _aਬਿਲੰਿਗ, ਅਵਤਾਰ ਸਿੰਘ, ਂਚ.
245 0 _aਗੁਲਾਬੀ ਨਫ਼ ਵਾਲੀ ਮੁੰਦਰੀ
260 _aਦਿੱਲੀ
_bਐਵਿਸ ਪਬਲੀਕੇFਲਗ਼ ਭਾਰਤ
_c2017
300 _a197ਪੰ
_ccm.
650 _a ਪੰਜਾਬੀ ਕਹਾਣੀ
650 _aਪੰਜਾਾਬੀ ਸਾਹਿਤ
942 _hO153,3NBIL,GN, Q7
_cTEXL
_2cc
999 _c1026308
_d1026308